| 000 | 00681nam a22002297a 4500 | ||
|---|---|---|---|
| 999 |
_c174256 _d174256 |
||
| 005 | 20200528150844.0 | ||
| 010 | _aB-122736 | ||
| 020 |
_c65.00 _a8183140122 |
||
| 035 | _aB-122736 | ||
| 037 | _bCen Lib/Ret | ||
| 082 | _a615.852 | ||
| 100 | _aفضل کريم فارانی | ||
| 245 |
_aاسلامی اصول صحت / _cفضل کريم فارانی |
||
| 246 |
_aIslami Usool-E-Sehat / _bby Fazle Kareem Farani |
||
| 260 | _c2005 ء | ||
| 300 |
_a192p. _c21cm(Hb) |
||
| 650 | _aادب ہندی | ||
| 650 | _aہندی سیکولر -- معمار | ||
| 650 | _aHindi literaure | ||
| 650 | _aHindi secular | ||
| 942 |
_2ddc _cUR _h615.852 _mف ض ل |
||